Les chansons dans les Disney - Statistiques

Statistiques générales
  • Ce quiz a été pris 1 505 fois
  • Le résultat moyen est 26 sur 36
Statistiques - réponses
Chansons Disney ou Pixar % Correct
Libérée, délivrée La reine des neiges
98%
Cruella d'enfer Les 101 dalmatiens
98%
Comme un homme Mulan
96%
Il en faut peu pour être heureux Le livre de la jungle
95%
L'histoire de la vie Le roi lion
95%
Où est la vraie vie ? Raiponce
94%
De zéro en héros Hercule
93%
C'est la fête La belle et la bête
93%
Le bleu lumière Vaiana
91%
Gammes et Arpèges Les aristochats
90%
Tu t'envoles Peter Pan
90%
Ne parlons pas de Bruno Encanto
89%
Je suis ton meilleur ami Aladdin
88%
Je suis ton ami Toy Story
88%
La chanson des siamois La belle et le clochard
85%
Au détour de la rivière Pocahontas
84%
À travers le Bayou La princesse et la grenouille
81%
Tendre rêve Cendrillon
80%
Sifflez en travaillant Blanche-Neige et les 7 nains
78%
La chanson de la pluie Bambi
77%
Ne m'oublie pas Coco
77%
Mon tout petit Dumbo
77%
Je suis en r"tard Alice au pays des merveilles
76%
Pauvres âmes en perdition La petite sirène
76%
Je veux savoir Tarzan
76%
J'en ai rêvé La belle au bois dormant
68%
Quand on prie la bonne étoile Pinocchio
67%
Higitus figitus Merlin l'enchanteur
59%
Rien qu'un jour Le bossu de Notre Dame
52%
Je m'en vais Frères des ours
51%
Quel beau jour vraiment Robin des bois
34%
Un homme libre La planète au trésor
33%
Pourquoi faut-il se quitter ? Rox et Rouky
32%
Mais pourquoi m'en faire ? Oliver et Compagnie
30%
Courage petite sœur Les aventures de Bernard et Bianca
23%
Laissez-moi vous gâter Basil détective privé
14%
Aucun quiz correspondant
Distribution des résultats
% des personnes avec chaque résultat
Percentile par nombre de réponses
Votre historique - résultats
Vous n’avez pas pris ce quiz